Normal view
MARC view
- Amurao, Maria There Hermano.
Entry Personal Name
001 - CONTROL NUMBER
- control field: 63350
003 - CONTROL NUMBER IDENTIFIER
- control field: OSt
005 - DATE AND TIME OF LATEST TRANSACTION
- control field: 20241022154425.0
008 - FIXED-LENGTH DATA ELEMENTS
- fixed length control field: 241022|| aca||aabn | a|a d
040 ## - CATALOGING SOURCE
- Original cataloging agency: OSt
100 ## - HEADING--PERSONAL NAME
- Personal name: Amurao, Maria There Hermano.
- Relator term: author.
